Selekcjonerzy reprezentacji Francji - nagła śmierć - Statystyki

Ogólne statystyki
  • Ten quiz został rozwiązany 71 razy
  • Średni wynik to 6 z 8
Answers on the Grid
Answers color-coded by a green-red scale on the quiz's grid according to % correct below.
Didier Deschamps
Fabio Capello
Roberto De Zerbi
Michel Platini
Jorge Jesus
Laurent Blanc
Raymond Domenech
Unai Emery
Jacques Santini
Carlo Ancelotti
Roger Lemerre
Vladimir Petković
Roberto Martínez
Paulo Sousa
Gérard Houllier
Aimé Jacquet
 
Statystyki odpowiedzi
Odpowiedź % Poprawnych
Didier Deschamps
96%
Laurent Blanc
82%
Michel Platini
75%
Aimé Jacquet
65%
Jacques Santini
60%
Raymond Domenech
60%
Roger Lemerre
60%
Gérard Houllier
53%
Nie znaleziono quizów pasujących do podanych kryteriów
Rozkład punktacji
Procent ludzi z każdym wynikiem
Percentyl według liczby udzielonych odpowiedzi
Twoja historia wyników
Nie rozwiązałeś tego quizu